Berühmte Militärs nach Bild und Nation - 6 - Statistiken

Allgemein
  • Dieses Quiz wurde 42 mal gespielt
  • Das Durchschnittsergebnis liegt bei 3 aus 8
Antwortstatistiken
Bildquiz Hint Antwort % Korrekt
Schweden Gustav II. Adolf
67%
Vereinigtes Königreich Oliver Cromwell
53%
Deutschland Otto I
47%
Deutschland Helmuth von Moltke
31%
Vereinigte Staaten James Madison
28%
Italien Mark Aurel
28%
Vereinigte Staaten Andrew Jackson
25%
Italien Trajan
22%
Keine übereinstimmenden Quizze gefunden
Verteilung der Resultate
Anzahl Personen mit jedem Resultat
Perzentil nach korrekt beantworteten Fragen
Ihre Resultats-Entwicklung
Sie haben dieses Quiz noch nicht gespielt